000 00640nam a2200205Ia 4500
003 0100
008 130227s9999 xx 000 0 und d
040 _cARRUPELIB
050 _aQP385.5.M36 2009
100 _aMcGilchrist, Iain
245 4 _aThe master and his emissary
245 _bthe divided brain and the making of the western world
260 _aNew Haven and London
260 _bYale University Press
260 _C2009
300 _aCerebrum - physiology
300 _b Cultural evolution Social change - history Western world - history.WL 335 M4775m 2009
650 _bPsychology - Collected works
942 _2lcc
_04
999 _c2386
_d2386